TV Shows that Start with S - Statistics

General Stats
  • This quiz has been taken 180 times
  • The average score is 11 of 20
Answer Stats
Picture Answer % Correct
Simpsons, the
98%
South Park
90%
Star Trek
90%
Seinfeld
85%
Sesame Street
85%
Stranger Things
75%
Sex and the City
74%
Sopranos, the
70%
Squid Game
66%
Saturday Night Live
64%
Suits
60%
Supernatural
53%
Saved by the Bell
51%
Smallville
47%
Sherlock Holmes
43%
Sons of Anarchy
43%
Succession
18%
Shield, the
16%
Second City Television
14%
Sharp Objects
7%
No matching quizzes found
Score Distribution
Percent of People with Each Score
Percentile by Number Answered
Your Score History
You have not taken this quiz